| 000 | 01602cam a22004457a 4500 | ||
|---|---|---|---|
| 001 | 000094970 | ||
| 003 | CHAP | ||
| 005 | 20220329143051.0 | ||
| 008 | 051128d2005 mx ad r 00110 spa d | ||
| 010 | _a91436 | ||
| 011 | _a92408 | ||
| 035 | _a102972 | ||
| 040 | _cCHAP | ||
| 090 | _aTesis | ||
| 100 | 0 | 0 |
_aLeón García, Imelda. _966123 |
| 245 | 1 | 0 |
_aManejo de malezas en césped / _c/por Imelda León García. |
| 260 |
_aChapingo, Méx. : _bEl autor, _c2005. |
||
| 300 |
_a101 h. : _bilus. ; cuadros. |
||
| 502 | _aTesis (M. C. en Protección Vegetal) -- UACH. Departamento de Parasitología Agrícola | ||
| 590 |
_aALEPH _b10 _c20130110 _lUCH01 _h1508 |
||
| 590 |
_aBATCH-UPD _b10 _c20130110 _lUCH01 _h0729 |
||
| 590 |
_aBATCH-UPD _b10 _c20130410 _lUCH01 _h0413 |
||
| 590 |
_aBATCH-UPD _b10 _c20130914 _lUCH01 _h1048 |
||
| 590 |
_aBATCH-UPD _b10 _c20140324 _lUCH01 _h1453 |
||
| 590 |
_aBATCH-UPD _b10 _c20141002 _lUCH01 _h0827 |
||
| 590 |
_aCONVERSION _b10 _c20130109 _lUCH01 _h1351 |
||
| 590 |
_aE792CSJ _b10 _c20130618 _lUCH01 _h0955 |
||
| 650 | 1 | 4 |
_aControl biológico de malas hierbas. _927584 |
| 650 | 1 | 4 |
_aHerbicidas orgánicos. _953701 |
| 650 | 1 | 4 |
_aHerbicidas _xEfecto en pastos. _953695 |
| 650 | 1 | 4 |
_aMalas hierbas _xControl. _970011 |
| 650 | 1 | 4 |
_aToxinas vegetales. _9114460 |
| 856 |
_3Finding aid _uhttp://10.13.5.2/tesis/102972.pdf _zTeclea aquí |
||
| 901 | _aBK | ||
| 905 | _aMarco A. Mendoza T. | ||
| 942 | _cCD | ||
| 942 | _n0 | ||
| 949 |
_aTesis _bBC _cTES _d1029721 _eTS1 _gDonaciØn _h44439 _i102972 _sb |
||
| 949 |
_aTesis _bBC _cTES _d33724000967352 _eTS2 _fc.2 _gDonaciØn _h44440 _i102972 _si |
||
| 999 |
_c91436 _d91436 |
||